Alcaldes 2020 : covid-19: resiliència municipal : entrevistes i perfils entorn de la gestió municipal / covid-19: resiliència municipal : entrevistes i perfils entorn de la gestió municipal /
MARC
| LEADER | 00000nam a2200000 i 4500 | ||
|---|---|---|---|
| 001 | 26859 | ||
| 003 | Arxiu | ||
| 005 | 20260324181143.0 | ||
| 008 | 220602s2020 spca||| |||| 0|0 0 cat| | ||
| 015 | |a LL2022 |2 bnc | ||
| 017 | |a DL B 19640-2021 |b Biblioteca de Catalunya | ||
| 020 | |a 9788409361069 | ||
| 040 | |a ES-BaBC |b cat |e rda |c ES-BaBC | ||
| 043 | |a e-sp--- |b e-spc-- |2 catmarc | ||
| 080 | |a 352.075.31 |x (460.23) |x (047.53) |2 2004 | ||
| 080 | |a 352/353 |x (460.23) |2 2004 | ||
| 080 | |a 352 |x (460.23) |2 2004 | ||
| 245 | 0 | 0 | |a Alcaldes 2020 : |b covid-19: resiliència municipal : entrevistes i perfils entorn de la gestió municipal / |c direcció editorial i coordinació: Sílvia Sánchez ; col·laboradors: Eduard Berraondo [i 8 més] |
| 246 | 3 | 0 | |a Resiliència municipal : entrevistes i perfils entorn de la gestió municipal |
| 264 | 1 | |a Barcelona : |b Presston Comunicació Internacional, |c 2020 | |
| 300 | |a 259 pàgines : |b il·lustracions en color ; |c 23 x 24 cm | ||
| 336 | |a text |b txt |2 rdacontent | ||
| 336 | |a imatge fixa |b sti |2 rdacontent | ||
| 337 | |a sense mediació |b n |2 rdamedia | ||
| 338 | |a volum |b nc |2 rdacarrier | ||
| 500 | |a A la portada: alcaldes.eu | ||
| 650 | 7 | |a Alcaldes |z Catalunya |v Intervius. |2 lemac |9 49349 | |
| 650 | 7 | |a Administració local |z Catalunya. |2 lemac |9 10655 | |
| 650 | 7 | |a Municipis |z Govern i administració |z Catalunya. |2 lemac | |
| 908 | |a BC | ||
| 940 | |a BC | ||
| 942 | |2 udc |c ARXIU |n 1 | ||
| 952 | |0 0 |1 0 |2 udc |4 0 |6 BIB977 |7 1 |9 63973 |a Arxiu |b Arxiu |d 2022-10-11 |l 0 |o Bib-977 |p 26859 |r 2022-10-11 00:00:00 |w 2022-10-11 |y ARXIU | ||
| 999 | |c 82692 |d 82692 | ||